Symmetry in chemistry (Record no. 23636)

MARC details
000 -LEADER
fixed length control field 00298nam a2200121Ia 4500
082 ## - DEWEY DECIMAL CLASSIFICATION NUMBER
Classification number 548.12
Item number JAF
100 ## - MAIN ENTRY--AUTHOR NAME
Personal name Jaffe, H H
245 #0 - TITLE STATEMENT
Title Symmetry in chemistry
260 ## - PUBLICATION, DISTRIBUTION, ETC. (IMPRINT)
Place of publication New York
Name of publisher Wiley Eastern
Year of publication 1965
700 ## - ADDED ENTRY--PERSONAL NAME
Personal name Orchin, Milton
942 ## - ADDED ENTRY ELEMENTS (KOHA)
Koha item type Books
Holdings
Withdrawn status Lost status Damaged status Not for loan Home library Current library Date acquired Cost, normal purchase price Full call number Accession Number Koha item type
        RRII Library RRII Library 16/12/2021 18.00 548.12 JAF 04334 Books